000 00277nam a2200109Ia 4500
008 220204s9999 xx 000 0 und d
082 _a676.026
_bMIL
100 _aMiller, Howard A
245 0 _aParticle board manufacture
260 _aNew Jersey
_bNoyes Data
_c1977
942 _cBK
999 _c28250
_d28250